Justine (Record no. 16302)

MARC details
000 -LEADER
campo de control de longitud fija 00299nam a2200121Ia 4500
008 - DATOS DE LONGITUD FIJA--INFORMACIÓN GENERAL
campo de control de longitud fija 231129s1976||||xx |||||||||||||| ||spa||
082 ## - NÚMERO DE LA CLASIFICACIÓN DECIMAL DEWEY
Número de clasificación 843.5 S125jus
100 ## - ENTRADA PRINCIPAL--NOMBRE DE PERSONA
Nombre de persona Sade Marqués de 1740-1814.
245 #0 - MENCIÓN DEL TÍTULO
Título Justine
260 ## - PUBLICACIÓN, DISTRIBUCIÓN, ETC.
Fecha de publicación, distribución, etc. 1976
264 ## - PRODUCCIÓN, PUBLICACIÓN, DISTRIBUCIÓN, FABRICACIÓN Y COPYRIGHT
Producción, publicación, distribución, fabricación y copyright Bogotá : Circulo de lectores
942 ## - ELEMENTOS DE ENTRADA SECUNDARIOS (KOHA)
Fuente del sistema de clasificación o colocación Clasificación Decimal Dewey
Tipo de ítem Koha
Holdings
Estatus retirado Estado de pérdida Fuente del sistema de clasificación o colocación Estado de daño No para préstamo Biblioteca de origen Biblioteca actual Fecha de adquisición Total de préstamos Signatura topográfica completa Código de barras Fecha de vencimiento Visto por última vez Fecha del último préstamo Copia número Precio de reemplazo Tipo de ítem Koha
    Clasificación Decimal Dewey     BIBLIOTECA PÚBLICA MUNICIPAL RAMON CORREA MEJIA BIBLIOTECA PÚBLICA MUNICIPAL RAMON CORREA MEJIA 22/01/2019 1 843.5 S125jus 19586 21/04/2026 06/04/2026 06/04/2026 1 29/11/2023 Libros

Powered by Koha